000 01017cam a22001814a 4500
005 20250605163403.0
008 250528s ||||||||||||||||||||||||d
035 _a18140
040 _aGR-AtMCL
_bgre
_dGR-AtMCL
_eAACR2
245 1 _aBasic / Για Αρχάριους και Μαθητές
260 _bΑθήνα,
_c1990
300 _a152
520 _aΕντολές, Πίνακες, Προγράμματα, Σειριακά Αρχεία. Ο Υπολογιστής σας, Γενικά για BASIC, Χειρισμός Υπολογιστή, Αριθμητικές Πράξεις στη BASI, Δομή Προγράμματος BASIC, Δόσιμο Τιμών στις Μεταβλητές και Εμφάνιση Στοιχείων, Εντολές Ελέγχου, Εντολές Επαναλήψεων, Υπορουτίνες, Συναρτήσεις, Πίνακες, Τα Αρχεία, Δείκτης.
700 1 _aΒατικιώτης Αντώνης
942 _cBK
999 _c3521
_d3521